English Words with Two Letters - Statistics

General Stats
  • This quiz has been taken 101 times
    79 since last reset
  • The average score is 47 of 92
Answer Stats
clue word % Correct
to
91%
be
89%
as
87%
at
87%
we
87%
do
86%
go
86%
an
84%
me
84%
in
83%
no
83%
of
79%
he
77%
so
76%
hello hi
74%
it
74%
if
73%
am
69%
an interjection ha
67%
an interjection ho
67%
on
67%
is
66%
musical note la
66%
an interjection lo
61%
moment mo
61%
musical note fa
60%
my
60%
3.141593 pi
60%
aspect of the soul ba
59%
mother ma
59%
musical note re
59%
an interjection yo
59%
by
57%
advertisement ad
56%
you ye
56%
bisexual bi
54%
or
54%
up
54%
an interjection ah
53%
one un
51%
us
51%
an interjection aw
50%
an interjection er
50%
musical note mi
50%
Scottish no na
50%
thanks ta
50%
of (from French) de
49%
1/3 mile li
49%
variant of axe ax
47%
father pa
47%
Latin and et
46%
spritual entity ka
46%
musical note ti
46%
Arabic letter ya
46%
Indian mulberry al
44%
musical note si
44%
sloth species ai
43%
Scottish sweetheart jo
43%
Greek N nu
43%
an interjection oh
43%
Jewish month ab
41%
variant of aye ay
41%
Hebrew letter pe
41%
an interjection eh
40%
print type size en
40%
part of psyche id
40%
an interjection ew
39%
Greek M mu
39%
an interjection ow
39%
agriculture ag
37%
operation op
37%
an interjection um
37%
Scottish one ae
36%
education ed
36%
print type size em
36%
ex
36%
elevated train el
34%
ox
33%
Greek letter xi
33%
force in nature od
31%
mantric word om
31%
bone os
31%
basaltic lava aa
30%
an interjection uh
30%
life force qi
29%
an interjection oy
27%
Jewish month av
26%
musical note ut
26%
an interjection oe
24%
an interjection sh
16%
1/100 dong xu
16%
an interjection hm
4%
No matching quizzes found
Score Distribution
Percent of People with Each Score
Percentile by Number Answered
Your Score History
You have not taken this quiz since the last reset